NBA Best Teams Starters per Year (1980 - 1999) - Statistics

General Stats
  • This quiz has been taken 152 times
  • The average score is 36 of 56
Answer Stats
Giannis Antetokounmpo % Correct
Larry Bird
100%
Magic Johnson
100%
Michael Jordan
100%
Dennis Rodman
99%
Scottie Pippen
99%
Tim Duncan
99%
David Robinson
98%
Avery Johnson
97%
Dennis Johnson
97%
Kevin Johnson
97%
Isiah Thomas
96%
Kareem Abdul-Jabbar
95%
Julius Erving
93%
Kevin McHale
93%
Charles Barkley
92%
Gary Payton
91%
James Worthy
91%
Robert Parish
91%
Clyde Drexler
89%
Moses Malone
89%
Bill Laimbeer
87%
Shawn Kemp
87%
Joe Dumars
86%
Ron Harper
81%
Luc Longley
79%
Horace Grant
78%
Bill Cartwright
69%
A.C. Green
64%
John Paxson
64%
Danny Ainge
60%
Byron Scott
59%
Cedric Maxwell
58%
Maurice Cheeks
57%
Terry Porter
53%
Sean Elliott
52%
Buck Williams
49%
Dan Majerle
48%
Detlef Schrempf
48%
Dave Cowens
43%
Tiny Archibald
42%
Kevin Duckworth
39%
Adrian Dantley
37%
Jerome Kersey
37%
Rick Mahorn
36%
Mario Elie
33%
Mark West
32%
Andrew Toney
29%
Gerald Henderson
24%
Mychal Thompson
24%
Vinny Del Negro
22%
Marc Iavaroni
20%
Chris Ford
19%
Cedric Ceballos
15%
Michael Cage
13%
Kendall Gill
10%
J.R. Reid
6%
No matching quizzes found
Score Distribution
Percent of People with Each Score
Percentile by Number Answered
Your Score History
You have not taken this quiz